000
00318nam a22001457a 4500
008
230127b ||||| |||| 00| 0 eng d
020
_a
9781119231332
041
_a
eng
080
_a
311
082
_a
311TIN
100
_a
25
101
_a
STATIC
245
_a
STATISTICAL INVESTIGATIONS
_c
TINTLE
942
_2
udc
_c
BK
999
_c
59287
_d
59287